Meilleurs pays où être LGBT+ - Europe - Statistiques

Statistiques générales
  • Ce quiz a été pris 1 258 fois
    201 depuis la dernière actualisation
  • Le résultat moyen est 7 sur 10
Statistiques - réponses
% d'égalités des droits Pays % Correct
83% Espagne
95%
87% Norvège
87%
81% Allemagne
86%
76% Portugal
84%
80% Danemark
80%
78% Pays-Bas
77%
93% Islande
66%
75% Autriche
59%
76% Malte
51%
80% Andorre
40%
Aucun quiz correspondant
Distribution des résultats
% des personnes avec chaque résultat
Percentile par nombre de réponses
Votre historique - résultats
Vous n’avez pas pris ce quiz depuis la dernière actualisation